000 00672nam a2200241 a 4500
999 _c6727
_d6727
001 6727
003 BD-JhCC
005 20220322134023.0
008 180129s2007 e |||| || | 001 0 eng d
020 _a0071477845
035 _a(BD-JhCC)6727
040 _aBD-JhCC
_dBD-JhCC
041 _aeng
082 _a658
_bMIC 2007
100 _aMichelli, Joseph A.
245 _aThe Starbucks Experience :
_b5 principles for turning ordinary into extraordinary /
_cJoseph A. Michelli,
260 _aLondon :
_bMcGraw-Hill,
_c2007
300 _a208 p. :
_c22 cm.
504 _aIncludes Bibliography
650 _aSuccess in Business
942 _2ddc
_cBK
_02